[Event "HCL-C281"]
[Site "www.playchess.de"]
[Date "2001.04.16"]
[Round "16"]
[White "thalis"]
[Black "hercos"]
[WhiteElo "1000"]
[BlackElo "1220"]
[PlyCount "26"]
[Result "1/2-1/2"]

1.e4 c5 {hallo, wie geht es dir ?}  2.Nf3 {Danke 
ugt}  d6 {Was machst du ? Wie alt bist du ?}  3.d4 
{Ich bin Zahnarzt und 41 Jahre alt. Und Du? Woher 
kannst Du so gut deutsch?}  cxd4 {Ich studiere 
Eletrotechnik an der Uni. Ich will in Deutschland 
zu leben. Deshalb lerne ich Deutsch.}  4.Nxd4 {Das 
schaffst Du bestimmt auch ... wenn Du es wirklich 
willst, klappt das!}  Nf6 {Brasilien ist ein 
schlechtes Land. Die Höller ist besser :-(}  5.Nc3 
{Du hast recht. Eine solide Basis schaffen und 
dann raus! Worauf warten?}  a6 {Mein Uni-Diplom}  
6.Bd3 e6 7.Bg5 Nbd7 8.f4 Be7 9.Qd2 Qc7 10.h3 b5 
11.b4 Bb7 12.Nf3 Rc8 13.Ne2 O-O 1/2-1/2

[Event "HCL-B292"]
[Site "www.playchess.de"]
[Date "2001.04.16"]
[Round "4"]
[White "e4forme"]
[Black "PDelaquess"]
[WhiteElo "1538"]
[BlackElo "1330"]
[PlyCount "52"]
[Result "0-1"]

1.e4 {Hello......Good Luck!}  e5 {Thanks. I had a 
hunch you would open 1.e4.}  2.Nf3 {LOL.....Lucky 
Guess}  Nc6 3.Bc4 Nf6 4.Ng5 d5 5.exd5 Na5 6.Bb5+ 
c6 7.dxc6 bxc6 8.Be2 {I was hoping for Fried 
Liver, Oh well....:)}  h6 9.Nh3 Bc5 10.d3 O-O 
11.Nc3 Bxh3 12.gxh3 Rb8 13.Rg1 Kh8 14.Bf3 Qd7 
15.Rg3 Bb4 16.Bd2 Nd5 17.Bxd5 cxd5 18.Qh5 Rb6 
19.O-O-O Re8 20.Rdg1 Bf8 21.Ne4 dxe4 22.Bxa5 Rf6 
23.dxe4 Qa4 24.Be1 Qxa2 25.Rd3 {This game is 
beginning to worry me. I like your picture (you 
need a shave though)}  Qa1+ 26.Kd2 
Qxb2 0-1

[Event "HCL-B295"]
[Site "www.playchess.de"]
[Date "2001.04.16"]
[Round "1"]
[White "Redbaron"]
[Black "vijal"]
[WhiteElo "1432"]
[BlackElo "799"]
[PlyCount "57"]
[Result "1-0"]

1.e4 e5 2.f4 exf4 3.Nf3 d6 4.d4 Nf6 5.Nc3 Bg4 
6.Bxf4 Be7 7.Bc4 O-O 8.Qd3 Nc6 9.a3 a6 10.h3 Bh5 
11.g4 Bg6 12.O-O-O b5 13.Bd5 Nxd5 14.Nxd5 Na5 
15.h4 h6 16.Rdf1 c6 17.Nxe7+ Qxe7 18.Nd2 Nc4 19.d5 
cxd5 20.Qxd5 Rae8 21.Nxc4 Bxe4 22.Qd4 Bxh1 23.Nxd6 
Qxh4 24.Nf5 Qf6 25.Nxh6+ Kh7 26.Qxf6 gxf6 27.Rxh1 
Kg6 28.Nf5 Re4 29.Rh6+ {Nice game, vijal.  Very 
nice!}  1-0

[Event "HCL-B292"]
[Site "www.playchess.de"]
[Date "2001.04.16"]
[Round "8"]
[White "vijal"]
[Black "Lycanth"]
[WhiteElo "737"]
[BlackElo "1211"]
[PlyCount "95"]
[Result "1-0"]

1.d4 Nf6 2.Nf3 g6 3.c4 Bg7 4.Nc3 O-O 5.e3 d6 6.b3 
Bg4 7.Bb2 Nbd7 8.Rc1 e5 9.dxe5 Nxe5 10.Be2 Qd7 
11.O-O Rad8 12.Qc2 c6 13.h3 Nxf3+ 14.Bxf3 Bxf3 
15.gxf3 Nh5 16.Kg2 Rde8 17.Ne4 Bxb2 18.Qxb2 Qf5 
19.Rcd1 Rxe4 20.fxe4 Qxe4+ 21.Kh2 f5 22.Qd4 Qf3 
23.Qxd6 f4 24.Qe6+ Kg7 25.Rd7+ Kh6 26.Qe7 fxe3 
27.Qxh7+ Kg5 28.Rg1+ Kh4 29.Rg4+ Qxg4 30.hxg4 
Rxf2+ 31.Kg1 Kxg4 32.Qxg6+ Kh4 33.Rd4+ Nf4 34.Qf5 
Kg3 35.Qg5+ Kf3 36.Rxf4+ Ke2 37.Qg4+ Ke1 38.Qg3 
Ke2 39.Rxf2+ exf2+ 40.Qxf2+ Kd3 41.Kf1 Kc3 42.Ke2 
a5 43.Ke3 Kb4 44.Qd2+ Kc5 45.Qxa5+ b5 46.cxb5 cxb5 
47.b4+ Kc4 {i think i ll stop the carnage quickly 
:)}  48.a4 1-0

[Event "ACL-A158"]
[Site "www.playchess.de"]
[Date "2001.04.16"]
[Round "1"]
[White "fossa"]
[Black "jpechie"]
[WhiteElo "1500"]
[BlackElo "1500"]
[PlyCount "36"]
[Result "0-1"]

1.e3 d5 2.c4 e6 3.Nc3 Nf6 4.Qa4+ Bd7 5.Qb3 Nc6 
6.Nf3 Na5 7.Qc2 Nxc4 8.Bxc4 dxc4 9.Ne5 b5 10.Ne4 
Bc8 11.a4 Bb7 12.Nxf6+ Qxf6 13.f4 Bxg2 14.Rg1 Qh4+ 
15.Kd1 Qxh2 16.Re1 Qh5+ 17.Re2 f6 18.Ke1 
Qh1+ 0-1

[Event "ACL-A158"]
[Site "www.playchess.de"]
[Date "2001.04.16"]
[Round "5"]
[White "bigworm_13"]
[Black "jpechie"]
[WhiteElo "1500"]
[BlackElo "1500"]
[PlyCount "44"]
[Result "0-1"]

1.b3 e5 2.e3 d5 3.Nf3 Nd7 4.Ng5 Qxg5 5.Nc3 Ngf6 
6.Nb5 Kd8 7.d3 c6 8.Nc3 Bb4 9.Bd2 d4 10.exd4 Bxc3 
11.Bxc3 Re8 12.dxe5 Nxe5 13.Qe2 Neg4 14.Bxf6+ Qxf6 
15.Rd1 Rxe2+ 16.Bxe2 Qxf2+ 17.Kd2 Qf4+ 18.Ke1 Ne3 
19.Rb1 Nxc2+ 20.Kd1 Ne3+ 21.Kc1 Nc4+ 22.Kd1 
Qd2+ 0-1

[Event "HCL-A133"]
[Site "www.playchess.de"]
[Date "2001.04.16"]
[Round "33"]
[White "Whatever"]
[Black "myosotis1984"]
[WhiteElo "1558"]
[BlackElo "1170"]
[PlyCount "72"]
[Result "0-1"]

1.e4 {Have a good game}  e5 2.Nf3 Nc6 3.Bc4 Nf6 
4.Ng5 d5 5.exd5 Na5 6.Bb5+ c6 7.dxc6 bxc6 8.Qf3 
Rb8 9.Bxc6+ Nxc6 10.Qxc6+ Nd7 11.d3 Be7 12.Ne4 Bb7 
13.Qc4 O-O 14.O-O Nb6 15.Qc3 f5 16.Ng3 Bd6 17.Nd2 
Nd5 18.Qc4 Kh8 19.Nb3 Qe7 20.d4 Rfc8 21.Qe2 Qf6 
22.c3 Nf4 23.Bxf4 exf4 24.Nh1 f3 25.gxf3 f4 26.Nd2 
Rce8 27.Ne4 Qg6+ 28.Nhg3 fxg3 29.fxg3 Bxe4 30.fxe4 
Rxe4 31.Qg2 Rbe8 32.b3 R4e2 33.Qf3 Qh6 34.Rf2 R2e3 
35.Qc6 Bxg3 36.hxg3 Qxc6 0-1

[Event "HCL-B299"]
[Site "www.playchess.de"]
[Date "2001.04.16"]
[Round "2"]
[White "gktyro"]
[Black "Ghostdog"]
[WhiteElo "1500"]
[BlackElo "1384"]
[PlyCount "41"]
[Result "1-0"]

1.e4 c5 2.Nf3 Nc6 3.d4 cxd4 4.Nxd4 e5 5.Nb5 d6 
6.N1c3 a6 7.Na3 Nf6 8.Bg5 h6 9.Bxf6 gxf6 10.Nd5 f5 
11.f3 fxe4 12.g3 exf3 13.Qd2 e4 14.Nc4 b5 15.Ncb6 
Rb8 16.Nxc8 Rxc8 17.Bh3 Rb8 18.Qc3 Rg8 19.Nf6+ Ke7 
20.Nxg8+ Ke8 21.Qxc6+ 1-0

[Event "ACL-A163"]
[Site "www.playchess.de"]
[Date "2001.04.16"]
[Round "7"]
[White "deadeasy"]
[Black "Eusebio"]
[WhiteElo "1904"]
[BlackElo "1500"]
[PlyCount "21"]
[Result "1-0"]

1.d4 {hello from london. A football fan i guess?}  
Nf6 2.Nc3 d5 3.e4 e6 4.e5 Ne4 5.Nxe4 dxe4 6.Bc4 
Be7 7.Be3 O-O 8.Qg4 c6 9.Bh6 Bb4+ 10.c3 f5 
11.Qxg7+ 1-0

[Event "HCL-B299"]
[Site "www.playchess.de"]
[Date "2001.04.16"]
[Round "18"]
[White "whatsleft2"]
[Black "gktyro"]
[WhiteElo "1816"]
[BlackElo "1500"]
[PlyCount "75"]
[Result "1-0"]

1.e4 {goodluck}  d6 2.d4 Nf6 3.Nc3 g6 4.f4 c6 
5.Nf3 Bg7 6.Bd3 O-O 7.O-O Nbd7 8.e5 Ng4 9.Qe2 h5 
10.h3 Nh6 11.e6 Nf6 12.exf7+ Nxf7 13.Bxg6 Nh6 
14.Ng5 d5 15.Ne6 Bxe6 16.Qxe6+ Kh8 17.f5 Qd6 
18.Qxd6 exd6 19.Bf4 Rad8 20.Bg5 Rd7 21.Rad1 Kg8 
22.Rfe1 Nf7 23.Bxf6 Bxf6 24.Bxh5 Re7 25.Rxe7 Bxe7 
26.Rf1 Bf6 27.Ne2 Ng5 28.Bg6 Ne4 29.g4 Bh4 30.Nf4 
Nd2 31.Rd1 Nf3+ 32.Kg2 Ne1+ 33.Kh1 Nxc2 34.Ne6 Ne3 
35.Rd3 Nf1 36.Nxf8 Kxf8 37.Kg2 Ng3 
38.Rxg3 1-0

[Event "HCL-A136"]
[Site "www.playchess.de"]
[Date "2001.04.16"]
[Round "10"]
[White "Drugo_Izdanje"]
[Black "Gutovsky"]
[WhiteElo "1818"]
[BlackElo "2100"]
[PlyCount "32"]
[Result "0-1"]

1.e4 c5 2.b4 cxb4 3.a3 d5 4.exd5 Qxd5 5.Nf3 Bg4 
6.axb4 Qe4+ 7.Qe2 Bxf3 8.gxf3 Qxe2+ 9.Bxe2 Nf6 
10.Ba3 Nc6 11.b5 Nd4 12.Nc3 Nxc2+ 13.Kd1 Nxa1 
14.Bc4 Nd7 15.Bb2 Ne5 16.Ba2 Nd3 0-1

[Event "ACL-A151"]
[Site "www.playchess.de"]
[Date "2001.04.16"]
[Round "1"]
[White "fossa"]
[Black "wernerGHF"]
[WhiteElo "1500"]
[BlackElo "1801"]
[PlyCount "34"]
[Result "0-1"]

1.e3 d5 2.c4 c6 3.Qa4 dxc4 4.Bxc4 b5 5.Bxb5 cxb5 
6.Qxb5+ Qd7 7.Qe5 Bb7 8.Nf3 Nf6 9.h3 e6 10.b3 Nc6 
11.Qb5 Nb4 12.Qxd7+ Nxd7 13.Na3 Nd3+ 14.Ke2 Nxc1+ 
15.Rhxc1 Bxf3+ 16.gxf3 Bxa3 17.Rc3 
Bb2 0-1

[Event "HCL-A136"]
[Site "www.playchess.de"]
[Date "2001.04.16"]
[Round "20"]
[White "myosotis1984"]
[Black "Gutovsky"]
[WhiteElo "1346"]
[BlackElo "2100"]
[PlyCount "32"]
[Result "0-1"]

1.e4 c5 2.Nf3 d6 3.d4 cxd4 4.Nxd4 Nf6 5.Nc3 a6 
6.Be2 e5 7.Nb3 Be7 8.O-O Nc6 9.f4 O-O 10.f5 d5 
11.exd5 Nb4 12.Bf3 Bxf5 13.Be3 Nxc2 14.Qe2 Nxa1 
15.Rxa1 e4 16.Bh5 g6 0-1

[Event "HCL-A136"]
[Site "www.playchess.de"]
[Date "2001.04.16"]
[Round "21"]
[White "superm"]
[Black "myosotis1984"]
[WhiteElo "1258"]
[BlackElo "1346"]
[PlyCount "42"]
[Result "0-1"]

1.e4 e5 2.Nf3 Nc6 3.Bc4 Nf6 4.Ng5 d5 5.exd5 Na5 
6.Bb5+ c6 7.dxc6 bxc6 8.Bf1 h6 9.Nf3 e4 10.Qe2 Bd6 
11.d3 O-O 12.dxe4 Nxe4 13.Nbd2 Nxd2 14.Bxd2 Re8 
15.Be3 f5 16.O-O-O f4 17.b4 fxe3 18.bxa5 Ba3+ 
19.Kb1 Rb8+ 20.Ka1 Qf6+ 21.Nd4 {I guess I 
miscalculated this time.Tell me, where was my 
mistake?}  Bb2+ 0-1

[Event "HCL-B304"]
[Site "www.playchess.de"]
[Date "2001.04.16"]
[Round "7"]
[White "Tumbleweed"]
[Black "rwdiamond"]
[WhiteElo "1095"]
[BlackElo "1004"]
[PlyCount "35"]
[Result "1-0"]

1.e4 e5 2.Nf3 Nc6 3.Bb5 Nf6 4.O-O Nxe4 5.Bxc6 bxc6 
6.Re1 d5 7.Nxe5 Qf6 8.Nf3 Bc5 9.d4 Bb6 10.Be3 Bg4 
11.Nbd2 Nxd2 12.Bg5+ Qe6 {GOOD MOVE! I saw it 
immediately after I moved my knight. I should have 
used the preview button first}  13.Rxe6+ Bxe6 
14.Qxd2 {Thanks.  Yes, the preview has saved me a 
couple of times. Where you from, I'm from 
Sunderland MA.}  O-O {i am from Longmont, 
Colorado}  15.Re1 {I've been there!  I lived in 
Boulder for the summer of '95.}  h6 16.Bxh6 gxh6 
17.Qxh6 Bf5 18.Qxc6 1-0

[Event "HCL-C296"]
[Site "www.playchess.de"]
[Date "2001.04.16"]
[Round "3"]
[White "Lukas"]
[Black "hercos"]
[WhiteElo "1024"]
[BlackElo "1143"]
[PlyCount "46"]
[Result "1/2-1/2"]

1.d4 {Jetzt mal mit d4}  c6 {Dieses Mal will ich 
gewinnen.}  2.e4 {Ich hatte in den letzten beiden 
Partien ein wenig Glück...}  d5 {I have bloundered 
2 times against you.}  3.e5 Bf5 4.Nf3 e6 5.Be2 Ne7 
6.O-O h6 7.c3 {Ich gehe in paar Minuten schlafen. 
Bis später...}  Nd7 8.Bd3 Bxd3 {Guten Nacht. Wie 
sind die deutschen Mädchen ?}  9.Qxd3 {Manche sind 
schön, andere nicht. Aber das ist auch 
"Geschmackssache"...}  Ng6 10.a3 c5 11.b4 c4 
12.Qe2 b5 13.Be3 a5 14.Nbd2 axb4 15.axb4 Be7 
16.Rfb1 O-O 17.Ne1 Nb6 18.Nc2 Na4 19.Ra3 Qc7 20.f4 
Ra7 21.Qe1 Rfa8 22.Rba1 Nb6 23.Nf3 
R7xa3 1/2-1/2

[Event "HCL-A138"]
[Site "www.playchess.de"]
[Date "2001.04.16"]
[Round "2"]
[White "Jora"]
[Black "Whatever"]
[WhiteElo "1900"]
[BlackElo "1520"]
[PlyCount "48"]
[Result "1/2-1/2"]

1.e4 {hi}  c5 {Have a good game}  2.c3 g6 3.d4 Bg7 
4.Nf3 cxd4 5.cxd4 d5 6.e5 Bg4 7.Bb5+ Nc6 8.Qa4 Qc7 
9.Nbd2 e6 10.h3 Bxf3 11.Nxf3 Nge7 12.O-O O-O 
13.Bg5 a6 14.Bxc6 Nxc6 15.Rac1 Rfc8 16.Qb3 b5 
17.Qe3 Qa7 18.Rc5 Bf8 19.Rc3 Na5 20.Rxc8 Rxc8 
21.Rc1 Qb7 22.Bh6 Rxc1+ 23.Qxc1 Qc6 24.Qxc6 
Nxc6 1/2-1/2

[Event "HCL-C297"]
[Site "www.playchess.de"]
[Date "2001.04.16"]
[Round "1"]
[White "Bernard"]
[Black "Lukas"]
[WhiteElo "1000"]
[BlackElo "1038"]
[PlyCount "70"]
[Result "0-1"]

1.e4 {I hope it will be a nice game}  c5 {Good 
luck! - Sorry, my English is terrible...}  2.Nf3 
d6 3.d4 cxd4 4.Nxd4 Nf6 5.Nc3 a6 6.Be3 e6 7.a4 Nc6 
8.Be2 Be7 9.O-O O-O 10.f4 Bd7 11.Bf3 Rc8 12.f5 
Nxd4 13.Bxd4 e5 14.Be3 Rxc3 15.bxc3 Qc7 16.Bd2 Rc8 
17.Qb1 d5 18.exd5 e4 19.Be2 Qc5+ 20.Kh1 Qxd5 
21.Be1 Bxf5 22.c4 Qd7 23.Qb3 Be6 24.Rd1 Qc6 25.Rb1 
Rc7 26.Bg3 Bd6 27.Rbd1 Bxg3 28.Rd8+ Ne8 29.Qxg3 
Rc8 30.Rfd1 Rxd8 31.Rxd8 Kf8 32.Qb8 Bd7 33.Qa8 Ke7 
34.Rb8 Qh6 35.Qxb7 Qc1+ 0-1

[Event "HCL-B305"]
[Site "www.playchess.de"]
[Date "2001.04.16"]
[Round "3"]
[White "tyronetyfly"]
[Black "foxzy"]
[WhiteElo "1500"]
[BlackElo "1129"]
[PlyCount "26"]
[Result "0-1"]

1.e4 c5 2.Na3 Nc6 3.Qh5 d6 4.Nc4 Nf6 5.Qg5 Nxe4 
6.Qd5 Nf6 7.Qg5 g6 8.Nf3 Bg7 9.Nh4 O-O 10.Bd3 Qc7 
11.O-O d5 12.Qg3 Qxg3 13.fxg3 dxc4 0-1

[Event "HCL-A138"]
[Site "www.playchess.de"]
[Date "2001.04.16"]
[Round "18"]
[White "dado"]
[Black "Jora"]
[WhiteElo "1700"]
[BlackElo "1900"]
[PlyCount "34"]
[Result "0-1"]

1.e4 e5 2.Nf3 d5 {Have a good game}  3.Nc3 {Im 
from Uruguay,and you?? Good luck}  d4 {I'm from 
Russia. And this is my first turnament on 
playcheess.de. I hope i'll be luckyy}  4.Ne2 Nc6 
5.d3 f5 6.Ng3 f4 7.Ne2 Bg4 8.c3 Bxf3 9.gxf3 Qd7 
10.Qb3 O-O-O 11.Rb1 Na5 12.Qc2 Nf6 13.cxd4 Nc6 
14.dxe5 Nxe5 15.Nxf4 Nxf3+ 16.Ke2 Nd4+ 17.Kd2 
Nxe4+ 0-1

[Event "HCL-C294"]
[Site "www.playchess.de"]
[Date "2001.04.16"]
[Round "30"]
[White "Rengar"]
[Black "olaf"]
[WhiteElo "1153"]
[BlackElo "1274"]
[PlyCount "48"]
[Result "0-1"]

1.e4 e5 2.Nf3 Nc6 3.Bb5 a6 4.Ba4 b5 5.Bb3 h6 6.c3 
Bc5 7.O-O Nf6 8.Re1 Bb7 9.d4 Bb6 10.d5 Ne7 11.Nxe5 
d6 12.Nf3 O-O 13.Bf4 Ng6 14.Bd2 c6 15.dxc6 Bxc6 
16.Qc2 Re8 17.e5 dxe5 18.Qxg6 Bd5 19.Bxd5 Qxd5 
20.Qg3 e4 21.Bxh6 g6 22.Nh4 Qh5 23.Bg5 Ng4 24.h3 
Bxf2+ 0-1

[Event "HCL-C298"]
[Site "www.playchess.de"]
[Date "2001.04.16"]
[Round "13"]
[White "lily"]
[Black "Guido94"]
[WhiteElo "1000"]
[BlackElo "1000"]
[PlyCount "64"]
[Result "0-1"]

1.e4 c5 2.Nc3 Nc6 3.Nf3 d6 4.Bc4 Nf6 5.Ng5 e6 6.d3 
a6 7.a4 Ne7 8.Be3 Qb6 9.b3 h6 10.Nf3 d5 11.exd5 
exd5 12.Ne5 Qe6 13.Nxd5 Nexd5 14.Nf3 Nxe3 15.Bxe6 
Nxd1 16.Rxd1 Bxe6 17.Ne5 Bd6 18.Nc4 Bxc4 19.dxc4 
Rd8 20.g3 O-O 21.f4 Rfe8+ 22.Kf2 Ng4+ 23.Kf3 Ne3 
24.Rd2 Bc7 25.Re1 Rxd2 26.Rxe3 Rxe3+ 27.Kxe3 Rxc2 
28.Kf3 Rxh2 29.a5 Bxa5 30.g4 Rd2 31.Ke3 Rd4 32.g5 
hxg5 0-1

[Event "HCL-B308"]
[Site "www.playchess.de"]
[Date "2001.04.16"]
[Round "2"]
[White "vijal"]
[Black "hassell"]
[WhiteElo "882"]
[BlackElo "1682"]
[PlyCount "64"]
[Result "0-1"]

1.d4 Nf6 2.Nf3 g6 3.c4 Bg7 4.Nc3 O-O 5.Bf4 d6 6.e3 
Nh5 7.Bg3 f5 8.Be2 h6 9.Rc1 e6 10.Nh4 Nxg3 11.hxg3 
g5 12.Nf3 Nd7 13.O-O Nf6 14.Qc2 c5 15.d5 e5 16.a3 
b6 17.e4 fxe4 18.Nxe4 Nxe4 19.Qxe4 Bf5 20.Qe3 e4 
21.Nd2 Bd4 22.Qb3 Qf6 23.g4 Bh7 24.Qg3 Rf7 25.Kh1 
Bxf2 26.Qb3 Raf8 27.Qc2 Qf4 28.Qc3 e3 29.Nf3 Qxg4 
30.Bd3 Qh5+ 31.Nh2 Bxd3 32.Qxd3 
Bg3 0-1

[Event "HCL-A137"]
[Site "www.playchess.de"]
[Date "2001.04.16"]
[Round "11"]
[White "mrchess"]
[Black "Tiger"]
[WhiteElo "1574"]
[BlackElo "1990"]
[PlyCount "34"]
[Result "1/2-1/2"]

1.d4 {good luck}  d5 2.c4 c6 3.cxd5 cxd5 4.Nc3 Nf6 
5.Bg5 e6 6.Nf3 Bb4 7.Qc2 Nbd7 8.e3 Qa5 9.Nd2 O-O 
10.Bd3 a6 11.O-O h6 12.Bh4 b5 13.a3 Bd6 14.Na2 Bb7 
15.Qd1 Rac8 16.f3 Qc7 17.f4 Qb8 1/2-1/2

[Event "HCL-C297"]
[Site "www.playchess.de"]
[Date "2001.04.16"]
[Round "16"]
[White "Yurispb"]
[Black "Bernard"]
[WhiteElo "1510"]
[BlackElo "1000"]
[PlyCount "29"]
[Result "1-0"]

1.e4 e5 {I hope it will be a nice game}  2.f4 Nc6 
3.Nf3 {May be}  Bd6 4.Bc4 Na5 5.Bxf7+ Kxf7 6.fxe5 
Be7 7.O-O Ke8 8.d4 b6 9.Ne1 Ba6 10.Nd3 c6 11.Qf3 
Qc7 12.Qf7+ Kd8 13.Qxg7 Bxd3 14.Rf8+ Bxf8 
15.Qxf8+ 1-0

[Event "HCL-C303"]
[Site "www.playchess.de"]
[Date "2001.04.16"]
[Round "10"]
[White "MEATHEAD"]
[Black "fossa"]
[WhiteElo "849"]
[BlackElo "982"]
[PlyCount "76"]
[Result "0-1"]

1.e4 e6 2.d4 c5 3.Be3 Qb6 4.c3 Qxb2 5.Nd2 Qxc3 
6.Ngf3 Nf6 7.Rc1 Qa5 8.Qb3 Nxe4 9.Bd3 Nxd2 10.Bxd2 
Qb6 11.Qa4 Be7 12.O-O O-O 13.Rcb1 Qc6 14.Qxc6 bxc6 
15.Bf4 cxd4 16.Bxb8 d6 17.Bc7 e5 18.h3 f6 19.Rfc1 
d5 20.Ne1 Bd7 21.f3 c5 22.Rb7 Bd8 23.Rxc5 Bxc7 
24.Rbxc7 Be6 25.R5c6 Rfe8 26.g4 g6 27.h4 f5 
28.gxf5 gxf5 29.h5 e4 30.fxe4 dxe4 31.Bc4 Bxc4 
32.R6xc4 d3 33.Rd4 Rad8 34.Rcc4 d2 35.Rxd2 Rxd2 
36.Ng2 Rxa2 37.Ne3 Rd8 38.Nxf5 
Rd1+ 0-1

[Event "HCL-B312"]
[Site "www.playchess.de"]
[Date "2001.04.16"]
[Round "21"]
[White "GM2600"]
[Black "lonewolf"]
[WhiteElo "1500"]
[BlackElo "1683"]
[PlyCount "48"]
[Result "0-1"]

1.e4 c5 2.Nf3 d6 3.Bb5+ Nd7 4.d4 e6 5.O-O Ne7 
6.Be3 Ng6 7.dxc5 dxc5 8.Na3 Be7 9.Nc4 Qc7 10.Qd3 
O-O 11.Rad1 Nf6 12.Rd2 a6 13.Ba4 b5 14.b3 Rd8 
15.Qc3 Nxe4 16.Rxd8+ Bxd8 17.Qd3 Bb7 18.Ncd2 {This 
is hopeless. I looked at your stats. WOW!!! There 
is no way you're losing this one!!!}  Nxd2 
{Thanks,been playing chess for a long,long time 
and that helps.}  19.Nxd2 {I've played chess my 
whole life, but I'm only 15. How old are you?}  
bxa4 {71,probably seems ancient to you. ~(:-)=}  
20.bxa4 {Yeah. You are lucky that you still have a 
talent for the game at that age! Most people lose 
it.}  Be7 {Your right,I am very fortunate.}  
21.Qc3 Bd5 22.Nb3 {I see your game with mouloud is 
very tense!}  Bd6 {Yes it is,going to get very 
bloody :-)}  23.g3 {Look at my game with 
mouloud... Do you think I can finish him off?}  
Rb8 {Looks very close,perhaps a draw.}  24.Bxc5 
{Yeah. Even with the Exchange ahead, I think it 
will be tied :-(}  Rc8 0-1

[Event "HCL-B312"]
[Site "www.playchess.de"]
[Date "2001.04.16"]
[Round "27"]
[White "jensm"]
[Black "GM2600"]
[WhiteElo "1500"]
[BlackElo "1500"]
[PlyCount "63"]
[Result "1-0"]

1.e4 e5 2.Nf3 Nc6 3.Bb5 a6 4.Ba4 Nf6 5.O-O Be7 
6.Re1 b5 7.Bb3 O-O 8.c3 d5 9.exd5 e4 10.dxc6 exf3 
11.d4 Qd6 12.Qxf3 Re8 13.Bf4 Bg4 14.Bxd6 Bxd6 
15.Qe3 Rxe3 {I was hoping you wouldn't see 
that!!!!!!!!}  16.Rxe3 {I was milliseconds from 
beenig mated, but then I woke up!}  Bf4 17.Re1 Rd8 
18.f3 Bf5 19.g3 Bg5 20.h4 Bxh4 21.gxh4 Rd6 22.d5 
Kf8 23.a4 Nxd5 24.Bxd5 Rxd5 25.axb5 Bxb1 26.Raxb1 
Rxb5 {Nice win against Mouloud, I think you are 
going to win this whole tournament----GREAT 
JOB!!!}  27.Rbd1 {thanks for the kind words, but I 
have put my money on lonewolf:-)}  g6 {Why do say 
that? You're gonna get me too, as well as 
BLACKPAWN (quit).}  28.Rd8+ {Its just because 
lonewolf has pressed me all game long, but there 
is also onknow cards such as dan}  Kg7 {Yeah, 
Lonewolf is gonna get me I'm sure. But on a 
positive note, i think I'm gonna beat Mouloud!!!}  
29.Rd7 {yes you have the better chances:-).Its bad 
with people who dont move.}  Rxb2 30.Rxc7 {Have 
you read lonewolf gamelist? - his the king!}  a5 
{What is lonewolf gamelist? And what do you mean - 
his the king!}  31.Rxf7+ {If you click on the name 
of a player, you can see how his rating change, 
you will be impressed too.}  Kxf7 {Wow I'm 
impressed!!!! By the way nice move!}  32.c7 {yes - 
but enough of him:-), do you play in club?} 
 1-0

[Event "HCL-B316"]
[Site "www.playchess.de"]
[Date "2001.04.16"]
[Round "3"]
[White "Outeralert"]
[Black "rbverhoef"]
[WhiteElo "1618"]
[BlackElo "1200"]
[PlyCount "36"]
[Result "0-1"]

1.Nf3 g6 2.d4 Nf6 3.Nbd2 Bg7 4.e4 O-O 5.g3 d5 6.e5 
Ne4 7.Nxe4 dxe4 8.Ng1 c5 9.c3 Nc6 10.Be3 cxd4 
11.cxd4 Qa5+ 12.Bd2 Qb6 13.Bc3 Rd8 14.Qe2 Nxd4 
15.Bxd4 Qxd4 16.Bg2 Qxe5 17.Bxe4 Rd2 18.Qf3 
Rd4 0-1

[Event "HCL-B316"]
[Site "www.playchess.de"]
[Date "2001.04.16"]
[Round "5"]
[White "Lycanth"]
[Black "Outeralert"]
[WhiteElo "1276"]
[BlackElo "1618"]
[PlyCount "69"]
[Result "1-0"]

1.e4 {hi again}  d6 {hello again!}  2.d4 Nf6 3.Nc3 
g6 4.Nf3 Bg7 5.Be3 O-O 6.Qd2 Re8 7.Bb5 c6 8.Ba4 
Nbd7 9.Bh6 Bh8 10.h4 a5 11.a3 b5 12.Bb3 Nb6 
13.O-O-O b4 14.Ne2 a4 15.Ba2 bxa3 16.bxa3 Nxe4 
17.Qf4 Nf6 18.h5 e6 19.hxg6 fxg6 20.Rh4 Nbd5 
21.Qh2 Ra7 22.Rh1 Ree7 23.Bg5 Rab7 24.c4 Nb6 
25.Nf4 Qe8 26.Rh6 Bg7 27.Rxh7 Nxh7 28.Qxh7+ Kf7 
29.Bxe7 {very nice game}  Qxe7 30.Nxg6 Qf6 {nice 
pressure throughout! well done}  31.Rh4 Qxg6 
32.Rf4+ Qf6 33.Ng5+ Ke7 34.Rxf6 Kxf6 
35.Ne4+ 1-0

[Event "HCL-C308"]
[Site "www.playchess.de"]
[Date "2001.04.16"]
[Round "3"]
[White "Lukas"]
[Black "Rengar"]
[WhiteElo "1115"]
[BlackElo "1153"]
[PlyCount "53"]
[Result "1-0"]

1.b3 d5 2.Bb2 c5 3.e3 Nc6 4.Nf3 Nf6 5.Bb5 Bg4 
6.Qe2 e6 7.c4 a6 8.Bxc6+ bxc6 9.O-O Rb8 10.h3 Bh5 
11.d3 Be7 12.Nbd2 O-O 13.Be5 Bd6 14.d4 cxd4 
15.exd4 c5 16.dxc5 Bxe5 17.Qxe5 Bxf3 18.Nxf3 dxc4 
19.bxc4 Nd7 20.Qd6 Rc8 21.c6 Nb6 22.Qxd8 Rfxd8 
23.Rfd1 f6 24.Rxd8+ Rxd8 25.Rb1 Nxc4 26.c7 Rc8 
27.Rb8 1-0

[Event "HCL-B316"]
[Site "www.playchess.de"]
[Date "2001.04.16"]
[Round "24"]
[White "rbverhoef"]
[Black "Roland_007"]
[WhiteElo "1200"]
[BlackElo "1500"]
[PlyCount "118"]
[Result "0-1"]

1.b3 e5 2.Bb2 d6 3.g3 Nf6 4.Bg2 Nc6 5.Bxc6+ bxc6 
{hoi liefje}  6.d4 exd4 7.Qxd4 c5 8.Qa4+ Bd7 
9.Bxf6 Bxa4 10.Bxd8 Bc6 11.e4 Rxd8 12.Nc3 f5 
13.O-O-O fxe4 14.Nh3 Be7 15.Rhe1 d5 16.Nf4 Bg5 
17.f3 O-O 18.fxe4 d4 19.Nce2 Bb5 20.c3 d3 21.c4 
Bc6 22.Nc3 Bxf4+ 23.gxf4 Rxf4 {zo gek was die slip 
nog niet}  24.Nd5 {Jij bent echt een smiecht, jij 
speelt tgen iedereen met hulp van Arasan, 
duidelijk door je openingen}  Bxd5 25.Rxd3 Rf2 
26.Rxd5 Rxd5 {succes}  27.exd5 Kf7 28.Re6 Rf6 
29.Re2 c6 30.Kc2 Rd6 31.Rd2 Ke7 32.Re2+ Kf6 
33.Rf2+ Ke7 34.Rd2 cxd5 35.cxd5 Rf6 36.Kc3 Rf4 
37.h3 Kd6 38.Rd3 g5 39.a4 h5 40.a5 g4 41.hxg4 hxg4 
42.a6 Rf5 43.Rg3 Rf3+ 44.Rxf3 gxf3 45.Kd2 Kxd5 
46.Ke3 f2 47.Kxf2 Kd4 48.Kf3 Kc3 49.Ke4 Kxb3 
50.Kd5 c4 51.Kc6 c3 52.Kb7 c2 53.Kxa7 c1Q {%}  
54.Kb8 Qf4+ 55.Kb7 Qb4+ 56.Ka7 Kc4 57.Ka8 Kc5 
58.a7 Kb6 59.Kb8 Qd6+ 0-1

[Event "HCL-C310"]
[Site "www.playchess.de"]
[Date "2001.04.16"]
[Round "10"]
[White "MEATHEAD"]
[Black "esad"]
[WhiteElo "933"]
[BlackElo "1602"]
[PlyCount "22"]
[Result "0-1"]

1.e4 e5 2.Nf3 Nc6 3.Bc4 h6 4.d4 Nxd4 5.Nxd4 exd4 
6.Qxd4 Qf6 7.Qe3 Bd6 8.Nc3 b6 9.Nd5 Qg6 10.O-O Qh5 
11.Bd2 Qxh2+ 0-1

[Event "ACL-A174"]
[Site "www.playchess.de"]
[Date "2001.04.16"]
[Round "8"]
[White "Qaurial"]
[Black "DKCozy"]
[WhiteElo "1856"]
[BlackElo "1795"]
[PlyCount "21"]
[Result "1-0"]

1.e4 c6 2.d4 e5 3.Nf3 exd4 4.Nxd4 d5 5.Nc3 Bb4 
6.e5 Bxc3+ 7.bxc3 Ne7 8.Bd3 O-O 9.Bg5 h6 10.Qh5 
Ng6 11.Bxd8 1-0